000 00832cam a22002411 4500
001 g 01001397
003 DLC
005 20260227111254.0
008 870904s1891 gw 000 0 ger
010 _ag 01001397
035 _a(OCoLC)16644041
040 _aDLC
_cTNJ
_dTNJ
_dDLC
042 _apremarc
050 0 0 _aHX276
_b.E5
100 1 _aEngels, Friedrich,
_d1820-1895.
245 1 4 _aDie entwicklung des sozialismus von der Utopie zur wissenschaft.
_cVon Friedrich Engels.
250 _a4. vervollständigte aufl. ...
260 _aBerlin,
_bVerlag der expedition des "Vorwärts" Berliner volksblatt,
_c1891.
300 _a[3]-59 p.
_c21 cm.
500 _aCover-title.
500 _a"Entstanden aus drei kapiteln meiner arbeit: 'Herrn. E. Dührings umwälzung der wissenschaft,' Leipzig, 1878."
650 0 _aSocialism.
999 _c23731
_d23731